Statystyki dla Skład FC Barcelony na sezon 2022/2023

Kliknij tutaj aby rozwiązać quiz!

Ogólne statystyki

  • Ten quiz został rozwiązany 196 razy
  • Średni wynik to 13 z 20

Statystyki odpowiedzi

HintOdpowiedź% Poprawnych
STRobert Lewandowski
97%
BRMarc-André ter Stegen
93%
CMGavi
90%
CMPedri
88%
CMFrenkie de Jong
78%
CBRonald Araujo
72%
LBAlejandro Balde
71%
BRIñaki Peña
71%
RWOusmane Dembele
69%
LBJordi Alba
68%
LWFerran Torres
66%
CBAndreas Christensen
63%
LWAnsu Fati
63%
CBJules Kounde
63%
RBSergi Roberto
60%
RWRaphinha
57%
LBMarcos Alonso
48%
CMFranck Kessie
38%
CBEric Garcia
36%
CMPablo Torre
5%

Rozkład punktacji

Percentyl według liczby udzielonych odpowiedzi

Procent ludzi z każdym wynikiem

Twoja historia wyników

Nie rozwiązałeś tego quizu